| 000 | 00954 a2200217 4500 | ||
|---|---|---|---|
| 005 | 20080905105831.0 | ||
| 008 | 080905t xxu||||| |||| 00| 0 eng d | ||
| 010 | _aENG-87537 | ||
| 020 |
_c480.00 _a8176299197 |
||
| 035 | _aEN-71070 | ||
| 037 | _bD.B.Act / Pub | ||
| 082 | _a332.6730954 | ||
| 245 |
_aMultinationals in economic development _cedited by Deelip Jumar singh _bemerging issues and options |
||
| 260 |
_aNew Delhi _bDeep and Deep Publications _c2007 |
||
| 270 |
_aF-159, Rajouri Garden _bNew Delhi _e110 027 _k011-25435369, 011-25440916 _mddpbooks@yahoo.co.in |
||
| 300 |
_ax, 209 p. _c22 cm. (Hb). |
||
| 500 | _aIncludes bibliographical references and index | ||
| 700 | _aSingh, Deelip Kumar | ||
| 942 |
_adpl _cEN _k332.6730954 / MUL _2ddc _h332.6730954 _mMUL |
||
| 999 |
_c6646 _d6646 |
||